Missing Word: Bon Jovi (A-Z) Quiz Stats

 Plays Quiz Updated Jan 28, 2018

Challenge
Share
Tweet
Embed
Score 0/23 Timer 03:00
0 Plays Today
Song Answer % Correct
You Give Love A Bad _____Name
96.4%
_____ Be There for YouI'll
95.5%
_____ Dead or AliveWanted
94.6%
If I Was _____ MotherYour
93.7%
Have a Nice _____ Day
91.5%
_____ The FaithKeep
90.7%
In And Out Of _____Love
90.3%
Bed of _____Roses
89.4%
Livin' on a _____Prayer
88.4%
Captain Crash and the Beauty _____ From MarsQueen
87%
This _____ A Love SongAin't
78.1%
Hook Me _____Up
77.8%
Song Answer % Correct
_____ LonelyOnly
77.5%
Lay Your _____ On MeHands
77.2%
_____ CarsFast
75.4%
Something to _____ InBelieve
73.4%
_____ OlderJust
68.5%
Never Say _____ Goodbye
64.2%
Bad _____ Medicine
61.7%
_____ DaysThese
45.9%
_____ I'll Be Saturday NightSomeday
38.2%
Hearts Breaking _____Even
24.5%
Dry _____County
20.2%

Today's Daily Dose

You're not logged in!

Compare scores with friends on all Sporcle quizzes.
OR
Log In

You Might Also Like...

Show Comments

Extras

Top Quizzes Today


Score Distribution

Your Account Isn't Verified!

In order to create a playlist on Sporcle, you need to verify the email address you used during registration. Go to your Sporcle Settings to finish the process.

Report this User

Report this user for behavior that violates our Community Guidelines.

Details: